书目信息 |
| 题名: |
动物繁殖学
|
|
| 作者: | 杨利国 主编 | |
| 分册: | ||
| 出版信息: | 北京 中国农业出版社 2003 |
|
| 页数: | 395页 | |
| 开本: | 26cm | |
| 丛书名: | ||
| 单 册: | ||
| 中图分类: | S814 | |
| 科图分类: | ||
| 主题词: | 动物--dong wu--繁殖--高等学校--教材 | |
| 电子资源: | ||
| ISBN: | 978-7-109-14764-5 | |
| 000 | 00793nam0 2200265 45 | |
| 001 | 012001000006 | |
| 005 | 20191107171618.29 | |
| 010 | @a978-7-109-14764-5@dCNY47.60 | |
| 099 | @aCAL 012011062225 | |
| 100 | @a20110124d2010 em y0chiy50 ea | |
| 101 | 0 | @achi |
| 102 | @aCN@b110000 | |
| 105 | @aak a 000yy | |
| 106 | @ar | |
| 200 | 1 | @a动物繁殖学@Adong wu fan shi hua@f杨利国主编 |
| 205 | @a第2版 | |
| 210 | @a北京@c中国农业出版社@d2003 | |
| 215 | @a395页@c图@d26cm | |
| 320 | @a有书目 (第374-379页) | |
| 333 | @a普通高等教育“十一五”国家级规划教材,全国高~ 等农林院校“十一五”规划教材 | |
| 606 | 0 | @a动物@Adong wu@x繁殖@x高等学校@j教材 |
| 690 | @aS814@v4 | |
| 701 | 0 | @a杨利国@AYang Liguo@4主编 |
| 801 | 0 | @aCN@b北京卓展文化@c20191020 |
| 905 | @b1195015-6@dS814@e194=2@f2 | |
| 动物繁殖学/杨利国主编.-第2版.-北京:中国农业出版社,2003 |
| 395页:图;26cm |
| 使用对象:普通高等教育“十一五”国家级规划教材,全国高~ 等农林院校“十一五”规划教材 |
| ISBN 978-7-109-14764-5:CNY47.60 |
| ● |
| 相关链接 |
|
|
|
|
正题名:动物繁殖学
索取号:S814/194=2
 
预约/预借
| 序号 | 登录号 | 条形码 | 馆藏地/架位号 | 状态 | 备注 |
| 1 | 1195015 | 211950156 | 第二样本阅览室/ [索取号:S814/194=2] | 在馆 | |
| 2 | 1195016 | 211950165 | 第三借阅区/ [索取号:S814/194=2] | 在馆 |